000 00921nam a22002297a 4500
003 OSt
005 20250421090602.0
008 240828b ||||| |||| 00| 0 eng d
040 _c0
082 _aDPer 570 J826 2021 v. 53 n. 1-5.
100 _aDirrigl, Frank J. Jr,
_eauthor.
_959285
245 _aThe teacher writing toolkit :
_benhancing undergraduate teaching of scientific writing in the biological sciences /
_cFrank J. Dirrigl Jr, and Mark Noe.
260 _aUnited Kingdom ;
_bTaylor & Francis Group,
_cNovember 2019.
300 _avolume 53, pages 524-540,
_billustration.
500 _aJournal of Biological Education, v. 53, n. 5, pages 524-540, November 2019.
650 0 _aBiological Sciences.
_966491
650 0 _aUndergraduate Students.
_966492
650 0 _aWriting Processes.
_966493
700 _aDirrigl, Frank J. Jr,
_eauthor.
_959285
700 _aNoe, Mark.
_eauthor.
_959286
942 _2ddc
_cPER
999 _c21004
_d21004